000
00260nam a22001097a 4500
008
170117b xxu||||| |||| 00| 0 eng d
020
_a
9781416046875
041
_a
eng
080
_2
8TH
_a
618.2
245
_a
MEDICAL-SURGICAL NURSING
_c
BLACK, J.M
942
_2
udc
_c
BK
999
_c
3029
_d
3029